Методика проектирования машинных агрегатов с оптимальными характеристиками (на примере электролебедок): методические материалы

Détails bibliographiques
Collectivité auteur: Академия наук Белорусской ССР (АН БССР) Институт технической кибернетики (ИТК)
Autres auteurs: Мафтер А. Г. (составитель), Лившиц Э. Г.
Langue:russe
Publié: Минск, Изд-во ИТК, 1986
Sujets:
Format: MixedMaterials Livre
KOHA link:https://koha.lib.tpu.ru/cgi-bin/koha/opac-detail.pl?biblionumber=278152

MARC

LEADER 00000nam0a2200000 4500
001 278152
005 20231101235103.0
020 |a RU  |b 86-33194 
035 |a (RuTPU)RU\TPU\book\301429 
090 |a 278152 
100 |a 20141209d1986 km y0rusy5003 ca 
101 0 |a rus 
102 |a BY 
105 |a y z 001zy 
200 1 |a Методика проектирования машинных агрегатов с оптимальными характеристиками (на примере электролебедок)   |e методические материалы  |f Академия наук Белорусской ССР (АН БССР), Институт технической кибернетики (ИТК) ; сост. А. Г. Мафтер , Э. Г. Лившиц 
210 |a Минск  |c Изд-во ИТК  |d 1986 
215 |a 54 с. 
320 |a Библиогр.: с. 54 
606 1 |a Лебедки электрические  |x Проектирование  |x Математические методы  |2 stltpush  |3 (RuTPU)RU\TPU\subj\39889  |9 59788 
610 1 |a машинные агрегаты 
610 1 |a проектирование 
610 1 |a структура 
610 1 |a расчеты 
610 1 |a вычислительные эксперименты 
610 1 |a алгоритмическое описание 
675 |a 621.864  |z rus  |v 4 
702 1 |a Мафтер  |b А. Г.  |4 220 
702 1 |a Лившиц  |b Э. Г.  |4 220 
712 0 2 |a Академия наук Белорусской ССР (АН БССР)  |b Институт технической кибернетики (ИТК)  |c (Минск)  |2 stltpush  |3 (RuTPU)RU\TPU\col\443 
801 0 |a RU  |b RuMRKP  |c 19960704  |g psbo 
801 1 |a RU  |b 63413507  |c 20141209 
801 2 |a RU  |b 63413507  |c 20170410  |g RCR 
942 |c BK